Loading...
| History - Other History | 0 | 3 | 0 | 1 | 30 | 14 | 62.00 | 1 | 2 |
| History - American History | 0 | 3 | 1 | 0 | 25 | 13 | 34.00 | 2 | 3 |
| Current Events | 0 | 2 | 0 | 0 | 20 | 24 | 55.00 | 1 | 2 |
| Geography | 0 | 2 | 0 | 0 | 20 | 35 | 52.00 | 1 | 2 |
| Science - Physics | 0 | 2 | 0 | 0 | 20 | 45 | 52.50 | 2 | 2 |
| History - World History | 0 | 2 | 1 | 0 | 15 | 43 | 46.50 | 1 | 2 |
| Social Science | 0 | 1 | 0 | 0 | 10 | 59 | 59.00 | 1 | 1 |
| Literature - British Literature | 0 | 1 | 0 | 0 | 10 | 55 | 55.00 | 0 | 1 |
| Philosophy | 0 | 1 | 0 | 0 | 10 | 96 | 96.00 | 0 | 1 |
| Religion | 0 | 1 | 0 | 0 | 10 | 123 | 123.00 | 1 | 1 |
| Pop Culture | 0 | 1 | 1 | 0 | 5 | 32 | 32.00 | 0 | 1 |
| History - European History | 0 | 1 | 1 | 0 | 5 | 30 | 30.00 | 1 | 1 |
| Fine Arts - Classical Music | 0 | 0 | 1 | 0 | -5 | 0.00 | 0 | 0 | |
| Science - Other Science | 0 | 0 | 1 | 0 | -5 | 0.00 | 0 | 0 | |
| Mythology | 0 | 0 | 1 | 0 | -5 | 0.00 | 0 | 0 |